[Event "Advanced Chess rapid"]
[Site "Leon ESP"]
[Date "2002.06.23"]
[Round "6"]
[White "Anand,V"]
[Black "Kramnik,V"]
[Result "1/2-1/2"]
[WhiteElo "2752"]
[BlackElo "2809"]
[EventDate "2002.06.21"]

1. e4 e5 2. Nf3 Nc6 3. Bb5 Nf6 4. O-O Nxe4 5. d4 Nd6 6. Bxc6 dxc6 7. dxe5
Nf5 8. Qxd8+ Kxd8 9. Nc3 Ke8 10. h3 Be7 11. Bg5 Bxg5 12. Nxg5 h6 13. Nge4
b6 14. Rfd1 Ke7 15. Kh2 h5 16. Ne2 Re8 17. Nf4 Kf8 18. Nxh5 Rxe5 19. Nhg3
Be6 20. Rd2 1/2-1/2